| 000 | 00726nam a2200181 i 4500 | ||
|---|---|---|---|
| 001 | 49257 | ||
| 003 | ES-MaACL | ||
| 005 | 20231224062921.0 | ||
| 007 | t| | ||
| 008 | 030711s1890 sp ||||1| spa d | ||
| 100 | 1 |
_aCortejarena y Aldebó, Francisco de, _d1835-1919 _9145203 |
|
| 245 | 1 | 0 |
_aQuelques mots sur la pathogénie, la prophylaxie et le traitement de la fiévre puerpérale _b: discours lu devant le Congrès Medical Internationale de Berlin de 1890 / _cpar Francisco de Cortejarena y Aldebo. |
| 260 |
_aBiarritz-Bayonne : _b[s.n.], _c1890 ( _fImpr. A. Lamaignère) |
||
| 300 |
_a23 p. ; _c21 cm. |
||
| 650 | 4 |
_aInfecciones puerperales. _9148880 |
|
| 852 |
_aES-MaACL _jT-561-F-5 |
||
| 999 |
_c49257 _d49257 |
||